[Event "RUS-chT blitz"]
[Site "Sochi"]
[Date "2017.10.05"]
[Round "12"]
[White "Khismatullin, Denis Rimovich"]
[Black "Tsvetkov, Andrey"]
[Result "1-0"]
[WhiteElo "2628"]
[BlackElo "2218"]
[PlyCount "77"]
[EventDate "2017.10.05"]
[EventType "team-swiss (blitz)"]
[EventRounds "15"]
[EventCountry "RUS"]
[SourceTitle "CBM 181 Extra"]
[Source "ChessBase"]
[SourceDate "2017.12.12"]
[SourceVersion "1"]
[SourceVersionDate "2017.12.12"]
[SourceQuality "1"]
[WhiteTeam "Khanty Mansyisk Yugra"]
[BlackTeam "Moscow Karpov School"]
[WhiteTeamCountry "RUS"]
[BlackTeamCountry "RUS"]

1. d4 d5 2. c4 c6 3. Nf3 Nf6 4. e3 Bg4 5. h3 Bh5 6. g4 Bg6 7. Ne5 Nbd7 8. Nxg6 hxg6 9. Bg2 e6 10. Nd2 Be7 11. b3 g5 12. Bb2 Nf8 13. Qc2 Ng6 14. 0-0-0 Qd7 15. Kb1 0-0-0 16. a3 Kb8 17. b4 Ne8 18. Bf1 f5 19. Bd3 Rf8 20. c5 Nh4 21. Rhf1 Nf6 22. Be2 Ne4 23. Nb3 f4 24. Bd3 fxe3 25. fxe3 Rxf1 26. Rxf1 Nf6 27. a4 Ka8 28. b5 Qc7 29. Ka2 Qg3 30. Na5 Qc7 31. Bc3 e5 32. Rb1 e4 33. Bf1 Rb8 34. bxc6 b6 35. Ba6 bxa5 36. Bb7+ Rxb7 37. Rxb7 Qxc6 38. Rxe7 Nf3 39. Qb3 1-0

[Event "EU-ch U12 27th"]
[Site "Mamaia"]
[Date "2017.09.13"]
[Round "8"]
[White "Tsvetkov, Andrey"]
[Black "Musyuk, Lior"]
[Result "1/2-1/2"]
[WhiteElo "2219"]
[BlackElo "2087"]
[PlyCount "58"]
[EventDate "2017.09.05"]
[EventType "swiss"]
[EventRounds "9"]
[EventCountry "ROU"]
[SourceTitle "CBM 180 Extra"]
[Source "ChessBase"]
[SourceDate "2017.10.06"]
[SourceVersion "1"]
[SourceVersionDate "2017.10.06"]
[SourceQuality "1"]

1. d4 c5 2. d5 Nf6 3. c4 e6 4. Nc3 exd5 5. cxd5 d6 6. e4 a6 7. f4 Qe7 8. Bd3 b5 9. Qe2 Nbd7 10. Nf3 Bb7 11. 0-0 c4 12. Bc2 g6 13. Rd1 b4 14. Na4 Rc8 15. Rd4 Bxd5 16. Bd2 a5 17. Re1 Bb7 18. Rxc4 Bg7 19. Rxc8+ Bxc8 20. e5 Ng4 21. Ng5 h5 22. Qc4 0-0 23. Nxf7 Qh4 24. Nh6+ Kh7 25. Nxg4 hxg4 26. exd6 Ne5 27. Qe2 Nc6 28. g3 Qh5 29. Be3 Nd4 1/2-1/2

[Event "EU-ch U12 27th"]
[Site "Mamaia"]
[Date "2017.09.12"]
[Round "7"]
[White "Chyzy, Jakub"]
[Black "Tsvetkov, Andrey"]
[Result "1/2-1/2"]
[WhiteElo "2060"]
[BlackElo "2219"]
[PlyCount "95"]
[EventDate "2017.09.05"]
[EventType "swiss"]
[EventRounds "9"]
[EventCountry "ROU"]
[SourceTitle "CBM 180 Extra"]
[Source "ChessBase"]
[SourceDate "2017.10.06"]
[SourceVersion "1"]
[SourceVersionDate "2017.10.06"]
[SourceQuality "1"]

1. e4 c5 2. Nf3 d6 3. d4 cxd4 4. Qxd4 Nf6 5. Nc3 Nc6 6. Bb5 Bd7 7. Bxc6 Bxc6 8. Bg5 e6 9. 0-0-0 Be7 10. Rhe1 0-0 11. Kb1 Qc7 12. Qd2 Rfd8 13. Nd4 Rab8 14. f3 b5 15. g4 h6 16. Be3 Nd7 17. g5 b4 18. Nce2 Ne5 19. Nxc6 Qxc6 20. Nd4 Qc8 21. b3 d5 22. f4 Ng4 23. e5 Nxe3 24. Rxe3 hxg5 25. Rg3 g6 26. Rdg1 Kg7 27. Nf3 d4 28. Qd3 Qc3 29. Nxg5 Bxg5 30. fxg5 Qxd3 31. Rxd3 Rd5 32. Re1 Rbb5 33. h4 a5 34. Kb2 Kf8 35. Re4 Ke7 36. Rdxd4 Rxd4 37. Rxd4 Rxe5 38. a3 Rb5 39. axb4 axb4 40. c3 bxc3+ 41. Kxc3 Rb8 42. b4 Ke8 43. Rc4 Kd7 44. Rf4 Ke7 45. Kc4 e5 46. Rf6 Rc8+ 47. Kd5 Rb8 48. Ke4 1/2-1/2

[Event "EU-ch U12 27th"]
[Site "Mamaia"]
[Date "2017.09.06"]
[Round "2"]
[White "Tsvetkov, Andrey"]
[Black "Stalmach, Richard"]
[Result "1-0"]
[WhiteElo "2219"]
[BlackElo "1888"]
[PlyCount "63"]
[EventDate "2017.09.05"]
[EventType "swiss"]
[EventRounds "9"]
[EventCountry "ROU"]
[SourceTitle "CBM 180 Extra"]
[Source "ChessBase"]
[SourceDate "2017.10.06"]
[SourceVersion "1"]
[SourceVersionDate "2017.10.06"]
[SourceQuality "1"]

1. d4 f5 2. Nf3 Nf6 3. g3 g6 4. c4 Bg7 5. b4 d6 6. Bb2 0-0 7. Bg2 c6 8. 0-0 b6 9. Qb3 Kh8 10. Nbd2 Be6 11. d5 Bd7 12. Nd4 Qc8 13. b5 c5 14. Ne6 Rg8 15. e4 fxe4 16. Nxe4 Be8 17. Nxg7 Kxg7 18. Bxf6+ exf6 19. Nxd6 Qd8 20. Nxe8+ Rxe8 21. d6 Nd7 22. Bxa8 Qxa8 23. f4 Qe4 24. Qc3 Qf5 25. Rae1 Re6 26. Rxe6 Qxe6 27. Qd3 h6 28. Rf2 h5 29. Re2 Qg4 30. Re7+ Kh6 31. f5 Ne5 32. Rxe5 1-0

[Event "Pardubice Czech op-A 28th"]
[Site "Pardubice"]
[Date "2017.07.26"]
[Round "6"]
[White "Zarubitski, Viachaslau"]
[Black "Tsvetkov, Andrey"]
[Result "1-0"]
[WhiteElo "2314"]
[BlackElo "2129"]
[PlyCount "63"]
[EventDate "2017.07.21"]
[EventType "swiss"]
[EventRounds "9"]
[EventCountry "CZE"]
[SourceTitle "CBM 179 Extra"]
[Source "ChessBase"]
[SourceDate "2017.08.23"]
[SourceVersion "1"]
[SourceVersionDate "2017.08.23"]
[SourceQuality "1"]

1. e4 c5 2. Nf3 d6 3. d4 cxd4 4. Nxd4 Nf6 5. Nc3 a6 6. Be3 e5 7. Nb3 Be6 8. Be2 Be7 9. Nd5 Bxd5 10. exd5 Nbd7 11. 0-0 0-0 12. c4 Nc5 13. Nd2 Qd7 14. b4 Na4 15. Qb3 b5 16. Rac1 Rfc8 17. cxb5 axb5 18. Nb1 Qb7 19. Na3 Nb6 20. Rxc8+ Rxc8 21. Bxb6 Qxb6 22. Nxb5 Ne4 23. a4 Qb7 24. Qd3 f5 25. a5 Bg5 26. f3 Nd2 27. Qxf5 Be3+ 28. Kh1 Nxf1 29. Qe6+ Kh8 30. Nxd6 Ng3+ 31. hxg3 Rc1+ 32. Kh2 1-0

[Event "Pardubice Czech op-A 28th"]
[Site "Pardubice"]
[Date "2017.07.25"]
[Round "5"]
[White "Tsvetkov, Andrey"]
[Black "Goluch, Piotr"]
[Result "1/2-1/2"]
[WhiteElo "2129"]
[BlackElo "2288"]
[PlyCount "159"]
[EventDate "2017.07.21"]
[EventType "swiss"]
[EventRounds "9"]
[EventCountry "CZE"]
[SourceTitle "CBM 179 Extra"]
[Source "ChessBase"]
[SourceDate "2017.08.23"]
[SourceVersion "1"]
[SourceVersionDate "2017.08.23"]
[SourceQuality "1"]

1. d4 Nf6 2. c4 d6 3. Nf3 Bf5 4. Nc3 g6 5. g3 Bg7 6. Bg2 0-0 7. Nh4 Bc8 8. 0-0 Nc6 9. d5 Na5 10. Qd3 Nd7 11. b3 c5 12. dxc6 Nxc6 13. Bb2 Nc5 14. Qd2 Qa5 15. Rfd1 Be6 16. Nd5 Qxd2 17. Rxd2 Bxb2 18. Rxb2 Bxd5 19. Bxd5 a5 20. Rd1 Ra6 21. Ng2 Rb6 22. Ne3 a4 23. Bxc6 bxc6 24. b4 a3 25. Rbb1 Rfb8 26. Nc2 Na6 27. Rb3 Nxb4 28. Rdb1 c5 29. Kf1 Kg7 30. Nxa3 Ra8 31. Nc2 Rxa2 32. Nxb4 Rxb4 33. Rxb4 cxb4 34. Rxb4 g5 35. h3 h5 36. g4 h4 37. e3 Rc2 38. Kg2 Kf6 39. Kf3 Ke6 40. Ra4 f6 41. Kg2 Rb2 42. Kf3 Kd7 43. Ra7+ Kd8 44. Ra8+ Kc7 45. Ra7+ Kd8 46. Ra8+ Kd7 47. Ra7+ Ke6 48. Ra4 Rc2 49. Kg2 Rc1 50. Kf3 Kf7 51. Rb4 Rg1 52. Rb5 e5 53. Rb7+ Ke6 54. Rc7 Rc1 55. Kg2 e4 56. Rc8 Kd7 57. Rf8 Ke7 58. Rc8 Rc2 59. Kg1 Rc3 60. Kg2 Rc1 61. Rc7+ Ke6 62. Rc8 Kd7 63. Rf8 Ke7 64. Rc8 Ra1 65. Rc7+ Ke6 66. Rc8 Kd7 67. Rf8 Ke7 68. Rh8 Rc1 69. Rh7+ Ke6 70. Rc7 Rc2 71. Kg1 Rc3 72. Kg2 Rc1 73. Rc8 Kd7 74. Rf8 Ke7 75. Rc8 d5 76. c5 Rc2 77. Kg1 Kd7 78. Rf8 Ke6 79. Rc8 Rc1+ 80. Kg2 1/2-1/2

[Event "Pardubice op rapid 28th"]
[Site "Pardubice"]
[Date "2017.07.20"]
[Round "7"]
[White "Matta, Vinay Kumar"]
[Black "Tsvetkov, Andrey"]
[Result "0-1"]
[WhiteElo "2326"]
[BlackElo "2129"]
[PlyCount "90"]
[EventDate "2017.07.19"]
[EventType "swiss (rapid)"]
[EventRounds "9"]
[EventCountry "CZE"]
[SourceTitle "CBM 179 Extra"]
[Source "ChessBase"]
[SourceDate "2017.08.23"]
[SourceVersion "1"]
[SourceVersionDate "2017.08.23"]
[SourceQuality "1"]

1. e4 c5 2. Nf3 d6 3. d4 cxd4 4. Nxd4 Nf6 5. f3 e5 6. Bb5+ Bd7 7. Bxd7+ Qxd7 8. Nf5 g6 9. Ne3 Nc6 10. 0-0 Rd8 11. Nc3 Bg7 12. b3 0-0 13. Ba3 a6 14. Ned5 Nxd5 15. Nxd5 Ne7 16. Nxe7+ Qxe7 17. Qd5 Qc7 18. c4 Rd7 19. Rad1 Rfd8 20. h3 Qc6 21. Rf2 Bf8 22. Rfd2 Be7 23. Qxc6 bxc6 24. c5 d5 25. exd5 Rxd5 26. Rxd5 cxd5 27. b4 f6 28. Kf2 Kf7 29. Rd3 Ke6 30. Bc1 d4 31. Ke2 Kd5 32. Ra3 Ra8 33. Rb3 a5 34. Ra3 Kc4 35. Rxa5 Rxa5 36. bxa5 Bxc5 37. a6 f5 38. Ba3 Ba7 39. Bd6 e4 40. Bf4 e3 41. a4 d3+ 42. Ke1 Kb3 43. Kd1 e2+ 44. Ke1 Kc2 45. a5 Bd4 0-1

[Event "Voronezh op-A 21st"]
[Site "Voronezh"]
[Date "2017.06.15"]
[Round "4"]
[White "Tsvetkov, Andrey"]
[Black "Ustinov, Alexey"]
[Result "1/2-1/2"]
[WhiteElo "2072"]
[BlackElo "2138"]
[PlyCount "109"]
[EventDate "2017.06.12"]
[EventType "swiss"]
[EventRounds "9"]
[EventCountry "RUS"]
[SourceTitle "EXT 2018"]
[Source "ChessBase"]
[SourceDate "2017.10.13"]
[SourceVersion "1"]
[SourceVersionDate "2017.10.13"]
[SourceQuality "1"]

1. Nf3 Nf6 2. d4 d5 3. c4 c6 4. g3 e6 5. Bg2 dxc4 6. Ne5 c5 7. Qa4+ Nbd7 8. Nxc4 a6 9. Bf4 Nd5 10. Bxd5 exd5 11. Nd6+ Bxd6 12. Bxd6 Qb6 13. dxc5 Qxb2 14. Qb3 Qxa1 15. Qe3+ Ne5 16. 0-0 f6 17. Nc3 Qb2 18. Bxe5 0-0 19. Bd6 Rd8 20. h4 Bh3 21. Rb1 Qc2 22. Rxb7 Re8 23. Qf3 d4 24. Qd5+ Kh8 25. Qxd4 Qc1+ 26. Kh2 Qf1 27. Qd5 Bc8 28. Rb2 Qxf2+ 29. Qg2 Qd4 30. Qxa8 Qxc3 31. Qc6 Qe3 32. Bf4 Qf2+ 33. Qg2 Qxc5 34. Rd2 Bg4 35. e4 h5 36. Rd5 Qc3 37. Qd2 Qxd2+ 38. Rxd2 Rxe4 39. a3 Kh7 40. Kg2 Kg6 41. Kf2 Rc4 42. Bd6 Kf5 43. Bf8 g6 44. Be7 Ke6 45. Bb4 Ke5 46. Ke3 Rc1 47. Bd6+ Ke6 48. Kf2 Rc3 49. Bb4 Rf3+ 50. Kg2 Ke5 51. Re2+ Kd4 52. Rf2 Rb3 53. Rxf6 Bf5 54. Kf2 Rb2+ 55. Kf3 1/2-1/2

[Event "Voronezh op-A 21st"]
[Site "Voronezh"]
[Date "2017.06.13"]
[Round "2"]
[White "Tsvetkov, Andrey"]
[Black "Ovod, Evgenija"]
[Result "0-1"]
[WhiteElo "2072"]
[BlackElo "2365"]
[PlyCount "100"]
[EventDate "2017.06.12"]
[EventType "swiss"]
[EventRounds "9"]
[EventCountry "RUS"]
[SourceTitle "EXT 2018"]
[Source "ChessBase"]
[SourceDate "2017.10.13"]
[SourceVersion "1"]
[SourceVersionDate "2017.10.13"]
[SourceQuality "1"]

1. d4 Nf6 2. c4 e6 3. Nc3 c5 4. d5 exd5 5. cxd5 d6 6. e4 g6 7. f4 Bg7 8. Bb5+ Nfd7 9. a4 Qh4+ 10. g3 Qe7 11. Nf3 0-0 12. 0-0 Na6 13. Re1 Nb4 14. a5 a6 15. Bf1 b5 16. axb6 Nxb6 17. Be3 Bg4 18. Rc1 Qd7 19. Bf2 Rac8 20. Bg2 Rfe8 21. b3 f5 22. h3 Bxc3 23. Rxc3 fxe4 24. hxg4 N6xd5 25. Ne5 dxe5 26. Rxe4 Qf7 27. Rxc5 Rxc5 28. Bxc5 Nc3 29. Qe1 Nxe4 30. Qxe4 a5 31. f5 Qxb3 32. fxg6 Qc2 33. gxh7+ Kh8 34. Qxc2 Nxc2 35. Be4 Nd4 36. Kf2 Ne6 37. Ba3 Ng5 38. Bg6 Re6 39. Bf5 Rb6 40. Ke2 Nxh7 41. Kd2 Kg7 42. Kc3 Rc6+ 43. Kd3 Ng5 44. Be7 a4 45. Ba3 Kf6 46. Bb2 Rb6 47. Kc2 Rb3 48. Bd3 Nf3 49. Bc3 Nd4+ 50. Bxd4 exd4 0-1